01178 2200421 4500001002100000005001500021035002000036007000300056008004100059040002200100082001200122084001200134090001600146090001400162090001600176245010000192300002100292500002900313650003600342700007600378850001200454504002500466264005900491336002100550337003000571338002300601990001200624990001200636990001200648990001200660990001200672990001200684990001200696990001200708990001200720990001200732990001200744INLIS00000000086536820211012111355 a0010-1021000288ta211012s1977 jki g f ind d aYOPDYOGbinderda04222a398 a398 SEJ aCOE 398 SEJ aR 398 SEJ aYOG 398 SEJ00aSejarah seni budaya Jawa Barat /cTim penulisan naskah pengembangan media kebudayaan Jawa Barat a...buku ;c20 cm aYang diterima buku I, II 4aBudaya--xSejarah--zJawa Barat2 aTim penulisan naskah pengembangan media kebudayaan Jawa Baratepenyusun aYOPDYOG aTermasuk bibliografi31aJakarta :bDepartemen Pendidikan dan Kebudayaan,c1977 2rdacontentateks 2rdamediaatanpa perantara 2rdacarrieravolume a22700-a a22698-A a22700-a a22701-a a22698-A a22700-a a22699-a a22699-a a22698-A a22701-a a22700-a